000 00551nam a22001697a 4500
003 NUST
038 _aNusrat Nadeem
082 _a200
100 _aBint Monir, Hadiah
_9123523
245 _aEnhanced Nonclassical Correlations in Entangled SU(1,1) Bosonic Coherent States/
_c Hadiah Bint Monir
264 _aIslamabad;
_bSNS NUST;
_c2020;
300 _a133,p;
_bill;
_c30,cm.
650 _aPhD- Chemistry
_9123166
700 _aSupervisor: Dr. Shahid Iqbal
_920110
856 _uhttp://10.250.8.41:8080/xmlui/handle/123456789/3219
942 _2ddc
_cSC
999 _c609693
_d609693